[Event "Wch U18"]
[Site "Montesilvano"]
[Date "2023.11.24"]
[Round "11"]
[White "Unneland, Mathias"]
[Black "Tadic, Stefan"]
[Result "1/2-1/2"]
[WhiteElo "2197"]
[BlackElo "2407"]
[PlyCount "75"]
[EventDate "2023.11.13"]
[EventType "swiss"]
[EventRounds "11"]
[EventCountry "ITA"]
[SourceTitle "CB48_2023"]
[SourceDate "2023.11.29"]
[SourceVersion "1"]
[SourceVersionDate "2023.11.29"]
[SourceQuality "1"]

1. d4 d5 2. c4 c6 3. Nf3 Nf6 4. Nc3 dxc4 5. a4 e6 6. e3 c5 7. Bxc4 cxd4 8. exd4 Nc6 9. 0-0 Be7 10. Qe2 0-0 11. Rd1 Nb4 12. Bg5 Bd7 13. d5 exd5 14. Nxd5 Nbxd5 15. Bxd5 Nxd5 16. Rxd5 Bxg5 17. Nxg5 h6 18. Rad1 hxg5 19. Rxd7 Qb6 20. h3 Rac8 21. Qb5 Qxb5 22. axb5 b6 23. R1d5 Rc1+ 24. Kh2 Rc2 25. Rxa7 Rxf2 26. Rxg5 Rc8 27. Rb7 Rf6 28. b4 g6 29. Rg4 Rc2 30. h4 Kh7 31. Kh3 Kh6 32. Rg3 Rb2 33. Rf3 Rxf3+ 34. gxf3 Rxb4 35. Rxb6 Kh5 36. Rf6 Rxh4+ 37. Kg3 Rb4 38. Rxf7 1/2-1/2

[Event "Fagernes op-A"]
[Site "Fagernes"]
[Date "2023.04.05"]
[Round "5"]
[White "Mizzi, Jack"]
[Black "Unneland, Mathias"]
[Result "1/2-1/2"]
[WhiteElo "2049"]
[BlackElo "2188"]
[PlyCount "65"]
[EventDate "2023.04.02"]
[EventType "swiss"]
[EventRounds "9"]
[EventCountry "NOR"]
[SourceTitle "CBM 213 Extra"]
[Source "ChessBase"]
[SourceDate "2023.05.31"]
[SourceVersion "1"]
[SourceVersionDate "2023.05.31"]
[SourceQuality "1"]

1. d4 Nf6 2. c4 e6 3. g3 d5 4. Bg2 Be7 5. Nf3 0-0 6. 0-0 dxc4 7. Ne5 Nc6 8. Bxc6 bxc6 9. Nxc6 Qe8 10. Nxe7+ Qxe7 11. Qc2 c5 12. Qxc4 cxd4 13. Qxd4 e5 14. Qh4 h6 15. Nc3 Qe6 16. e4 Ba6 17. Rd1 Rab8 18. f3 Rfd8 19. Rxd8+ Rxd8 20. Be3 Rb8 21. b3 Rc8 22. Na4 Qd6 23. g4 Rc2 24. Nc5 Be2 25. Qf2 Nd7 26. b4 Nxc5 27. bxc5 Qd3 28. Re1 Bd1 29. Qf1 Be2 30. Qf2 Bd1 31. Qf1 Be2 32. Qf2 Bd1 33. Qf1 1/2-1/2

[Event "NOR-chT Elite 2223"]
[Site "Norway"]
[Date "2023.01.15"]
[Round "6.23"]
[White "Gullaksen, Eirik Tvedt"]
[Black "Unneland, Mathias"]
[Result "1/2-1/2"]
[WhiteElo "2347"]
[BlackElo "2217"]
[PlyCount "45"]
[EventDate "2022.11.11"]
[EventType "team-tourn"]
[EventRounds "9"]
[EventCountry "NOR"]
[SourceTitle "CBM 213 Extra"]
[Source "ChessBase"]
[SourceDate "2023.05.31"]
[SourceVersion "1"]
[SourceVersionDate "2023.05.31"]
[SourceQuality "1"]
[WhiteTeam "Bergens"]
[BlackTeam "Hell"]
[WhiteTeamCountry "NOR"]
[BlackTeamCountry "NOR"]

1. e4 e5 2. Nf3 Nc6 3. Bb5 Nf6 4. d3 Bc5 5. Bxc6 dxc6 6. Nbd2 Nd7 7. Nc4 f6 8. Nh4 g6 9. Bh6 Nf8 10. Qe2 Be6 11. 0-0 Bxc4 12. dxc4 Ne6 13. Rad1 Qe7 14. c3 a5 15. g3 Kf7 16. Be3 Rad8 17. Nf3 Bxe3 18. Qxe3 Qc5 19. Qe2 b6 20. Kg2 Qe7 21. h4 Rxd1 22. Rxd1 Rd8 23. Rxd8 1/2-1/2

[Event "EU-ch U18 30th"]
[Site "Antalya"]
[Date "2022.11.11"]
[Round "6"]
[White "Tadic, Stefan"]
[Black "Unneland, Mathias"]
[Result "1-0"]
[WhiteElo "2353"]
[BlackElo "2210"]
[PlyCount "51"]
[EventDate "2022.11.06"]
[EventType "swiss"]
[EventRounds "9"]
[EventCountry "TUR"]
[SourceTitle "EXT 2024"]
[Source "ChessBase"]
[SourceDate "2023.10.10"]
[SourceVersion "1"]
[SourceVersionDate "2023.10.10"]
[SourceQuality "1"]

1. e4 c5 2. Nc3 Nc6 3. Nf3 e5 4. Bc4 Be7 5. d3 d6 6. 0-0 Nf6 7. Ng5 0-0 8. f4 Bg4 9. Qe1 exf4 10. Bxf4 Nd4 11. Qd2 h6 12. Nf3 Nxf3+ 13. gxf3 Bh3 14. Rf2 Kh7 15. Bg3 a6 16. a4 b5 17. Bb3 Nh5 18. Bd5 Rb8 19. axb5 axb5 20. d4 Nxg3 21. hxg3 Bf6 22. e5 b4 23. Ne4 dxe5 24. dxe5 Be7 25. Ra7 f5 26. Nd6 1-0

[Event "EU-ch U18 30th"]
[Site "Antalya"]
[Date "2022.11.09"]
[Round "4"]
[White "Roebers, Eline"]
[Black "Unneland, Mathias"]
[Result "1/2-1/2"]
[WhiteElo "2363"]
[BlackElo "2210"]
[PlyCount "68"]
[EventDate "2022.11.06"]
[EventType "swiss"]
[EventRounds "9"]
[EventCountry "TUR"]
[SourceTitle "EXT 2024"]
[Source "ChessBase"]
[SourceDate "2023.10.10"]
[SourceVersion "1"]
[SourceVersionDate "2023.10.10"]
[SourceQuality "1"]

1. e4 e6 2. d4 d5 3. e5 c5 4. c3 Nc6 5. Nf3 Bd7 6. Be2 Nge7 7. Na3 cxd4 8. cxd4 Nf5 9. Nc2 Nb4 10. Nxb4 Bxb4+ 11. Kf1 Be7 12. Bd3 Qb6 13. a4 Nxd4 14. Be3 Bc5 15. b4 Qxb4 16. Rb1 Bxa4 17. Rxb4 Bxd1 18. Rxd4 Bxf3 19. gxf3 Bxd4 20. Bxd4 a6 21. Ke2 Kd7 22. Rg1 g6 23. h4 h5 24. Ke3 b5 25. Bc5 Rhb8 26. Rb1 Kc6 27. Kd4 Rb7 28. Bd6 Kd7 29. f4 Kc6 30. Be2 a5 31. Rc1+ Kb6 32. Rc5 b4 33. Rb5+ Kc6 34. Rc5+ Kb6 1/2-1/2

[Event "EU-ch U18 30th"]
[Site "Antalya"]
[Date "2022.11.06"]
[Round "1"]
[White "Unneland, Mathias"]
[Black "Gharibyan, Mamikon"]
[Result "0-1"]
[WhiteElo "2210"]
[BlackElo "2470"]
[PlyCount "68"]
[EventDate "2022.11.06"]
[EventType "swiss"]
[EventRounds "9"]
[EventCountry "TUR"]
[SourceTitle "CBM 211 Extra"]
[Source "ChessBase"]
[SourceDate "2023.01.31"]
[SourceVersion "1"]
[SourceVersionDate "2023.01.31"]
[SourceQuality "1"]

1. Nf3 d5 2. g3 Bg4 3. Bg2 c6 4. 0-0 Nd7 5. d4 e6 6. c4 Ngf6 7. b3 Bd6 8. Bb2 0-0 9. Ne5 Bf5 10. Nd2 a5 11. Re1 a4 12. Nxd7 Qxd7 13. c5 Bc7 14. b4 a3 15. Bc3 e5 16. dxe5 d4 17. exf6 dxc3 18. Ne4 Qxd1 19. Rexd1 c2 20. Rd2 Ra4 21. fxg7 Kxg7 22. Rc1 Rxb4 23. f3 Bxe4 24. fxe4 Rb2 25. Rcxc2 Ba5 26. e3 Rd8 27. Rxd8 Rxc2 28. Ra8 Rxa2 29. Bh3 Ra1+ 30. Kf2 a2 31. Kg2 Rc1 32. Rxa5 Rxc5 33. Ra7 Rc2+ 34. Kf3 Rxh2 0-1

[Event "Fagernes Autumn op"]
[Site "Fagernes"]
[Date "2022.10.13"]
[Round "6"]
[White "Unneland, Mathias"]
[Black "Thavandiran, Shiyam"]
[Result "0-1"]
[WhiteElo "2185"]
[BlackElo "2353"]
[PlyCount "68"]
[EventDate "2022.10.09"]
[EventType "swiss"]
[EventRounds "9"]
[EventCountry "NOR"]
[SourceTitle "CBM 210 Extra"]
[Source "ChessBase"]
[SourceDate "2022.11.30"]
[SourceVersion "1"]
[SourceVersionDate "2022.11.30"]
[SourceQuality "1"]

1. e4 e6 2. d4 d5 3. Nc3 Nf6 4. e5 Nfd7 5. f4 c5 6. Nf3 Nc6 7. Be3 a6 8. Qd2 b5 9. a3 Qa5 10. dxc5 Bxc5 11. Bxc5 Nxc5 12. Nd4 Qb6 13. Nxc6 Qxc6 14. 0-0-0 0-0 15. h4 Rb8 16. b4 Nd7 17. Ne2 Nb6 18. Nd4 Qc7 19. h5 Bd7 20. Rh3 Rfc8 21. Rg3 h6 22. Re1 Kh8 23. Rf3 a5 24. g4 axb4 25. f5 bxa3 26. f6 a2 27. fxg7+ Kxg7 28. Nb3 Nc4 29. Bxc4 bxc4 30. Qf4 Be8 31. Qf6+ Kh7 32. Na1 c3 33. Kd1 Qc4 34. Rd3 Rb1+ 0-1

[Event "Fagernes Autumn op"]
[Site "Fagernes"]
[Date "2022.10.09"]
[Round "1"]
[White "Puranik, Abhimanyu Sameer"]
[Black "Unneland, Mathias"]
[Result "1-0"]
[WhiteElo "2603"]
[BlackElo "2185"]
[PlyCount "69"]
[EventDate "2022.10.09"]
[EventType "swiss"]
[EventRounds "9"]
[EventCountry "NOR"]
[SourceTitle "CBM 210 Extra"]
[Source "ChessBase"]
[SourceDate "2022.11.30"]
[SourceVersion "1"]
[SourceVersionDate "2022.11.30"]
[SourceQuality "1"]

1. e4 e5 2. Nf3 Nc6 3. Bb5 Nf6 4. d3 Bc5 5. Bxc6 dxc6 6. Nbd2 Nd7 7. Nc4 f6 8. c3 0-0 9. d4 exd4 10. cxd4 Bb4+ 11. Bd2 Bxd2+ 12. Ncxd2 c5 13. Qb3+ Kh8 14. 0-0 cxd4 15. Nxd4 Nc5 16. Qc3 Ne6 17. N2b3 Nxd4 18. Nxd4 Qe7 19. Rac1 c6 20. Rfe1 Re8 21. f4 Be6 22. a3 Rad8 23. h3 Qc7 24. e5 Qb6 25. Rcd1 fxe5 26. Rxe5 Bf7 27. b4 Rxe5 28. fxe5 Rd5 29. Qe3 c5 30. bxc5 Qxc5 31. e6 Re5 32. Qxe5 Qxe5 33. exf7 Qc5 34. Rf1 Qxd4+ 35. Kh1 1-0

[Event "Nordic-ch U17"]
[Site "Helsingborg"]
[Date "2022.08.28"]
[Round "5"]
[White "Unneland, Mathias"]
[Black "Falkevall, Axel"]
[Result "1-0"]
[WhiteElo "2257"]
[BlackElo "2256"]
[PlyCount "87"]
[EventDate "2022.08.26"]
[EventType "swiss"]
[EventRounds "6"]
[EventCountry "SWE"]
[SourceTitle "EXT 2023"]
[Source "ChessBase"]
[SourceDate "2022.10.05"]
[SourceVersion "1"]
[SourceVersionDate "2022.10.05"]
[SourceQuality "1"]

1. d4 Nf6 2. c4 g6 3. Nc3 Bg7 4. e4 d6 5. Nf3 0-0 6. Be2 Nbd7 7. 0-0 e5 8. Be3 Qe7 9. Qc2 c6 10. d5 c5 11. h3 Kh8 12. g4 Ng8 13. Bd3 Bh6 14. g5 Bg7 15. Kg2 Nb8 16. Rh1 Na6 17. a3 f5 18. Rag1 Nc7 19. Kf1 Qf7 20. h4 Ne7 21. h5 Kg8 22. Nh4 f4 23. hxg6 hxg6 24. Bd2 Bd7 25. b4 b6 26. f3 Rfc8 27. Kf2 Ne8 28. b5 Nc7 29. a4 Rd8 30. a5 Rab8 31. a6 Nc8 32. Nf5 gxf5 33. exf5 e4 34. Nxe4 Bd4+ 35. Kf1 Ne8 36. Nf6+ Nxf6 37. gxf6+ Bxg1 38. Bc3 Ne7 39. fxe7 Bd4 40. exd8Q+ Rxd8 41. Bxd4 cxd4 42. Qh2 Kf8 43. Qh8+ Ke7 44. f6+ 1-0

[Event "Nordic-ch U17"]
[Site "Helsingborg"]
[Date "2022.08.28"]
[Round "6"]
[White "Unneland, Mathias"]
[Black "Ostlund, Joar"]
[Result "1/2-1/2"]
[WhiteElo "2257"]
[BlackElo "2257"]
[PlyCount "77"]
[EventDate "2022.08.26"]
[EventType "swiss"]
[EventRounds "6"]
[EventCountry "SWE"]
[SourceTitle "EXT 2023"]
[Source "ChessBase"]
[SourceDate "2022.10.05"]
[SourceVersion "1"]
[SourceVersionDate "2022.10.05"]
[SourceQuality "1"]

1. d4 Nf6 2. c4 e6 3. Nc3 d5 4. cxd5 exd5 5. Bg5 c6 6. e3 h6 7. Bh4 Be7 8. Bd3 0-0 9. Nf3 Re8 10. Qc2 Ne4 11. Bxe4 Bxh4 12. Bh7+ Kh8 13. Bf5 Rxe3+ 14. Kf1 Bxf5 15. Qxf5 Re6 16. Qxf7 Qe7 17. Qf4 Bf6 18. g3 Qb4 19. Kg2 Nd7 20. Qd2 Rae8 21. Rae1 Rxe1 22. Rxe1 Rxe1 23. Qxe1 Nf8 24. Qe8 Kg8 25. Ne2 Qxb2 26. Nf4 Qb6 27. Ne5 Qxd4 28. Nfg6 Bxe5 29. Ne7+ Kh7 30. Qxf8 Qe4+ 31. Kh3 h5 32. f4 Bxf4 33. Qg8+ Kh6 34. Qh8+ Qh7 35. Nf5+ Kg6 36. Nh4+ Kh6 37. Nf5+ Kg6 38. Nh4+ Kh6 39. Nf5+ 1/2-1/2

[Event "Nordic-ch U17"]
[Site "Helsingborg"]
[Date "2022.08.27"]
[Round "4"]
[White "Liu, Casper Yukun"]
[Black "Unneland, Mathias"]
[Result "1-0"]
[WhiteElo "2328"]
[BlackElo "2257"]
[PlyCount "71"]
[EventDate "2022.08.26"]
[EventType "swiss"]
[EventRounds "6"]
[EventCountry "SWE"]
[SourceTitle "EXT 2023"]
[Source "ChessBase"]
[SourceDate "2022.10.05"]
[SourceVersion "1"]
[SourceVersionDate "2022.10.05"]
[SourceQuality "1"]

1. d4 Nf6 2. c4 e6 3. g3 d5 4. Bg2 Be7 5. Nf3 0-0 6. Nc3 dxc4 7. Ne5 c5 8. dxc5 Qxd1+ 9. Nxd1 Bxc5 10. 0-0 Nc6 11. Nxc6 bxc6 12. Be3 Bxe3 13. Nxe3 c3 14. bxc3 Nd5 15. c4 Nxe3 16. fxe3 Rb8 17. Bxc6 Rb2 18. Kf2 Ba6 19. Rfc1 Rd8 20. Bf3 Rdd2 21. Rab1 Kf8 22. c5 Ke7 23. c6 Bc8 24. Rd1 Rxa2 25. Rb7+ Bxb7 26. cxb7 Rdb2 27. Rd2 Rxd2 28. b8Q g6 29. g4 a5 30. g5 a4 31. Qb4+ Ke8 32. Bc6+ Kd8 33. Bb5 a3 34. Bc4 Rac2 35. Qxa3 Rd7 36. Bb5 1-0

[Event "Riga Tech Rapid op"]
[Site "Riga"]
[Date "2022.08.14"]
[Round "5"]
[White "Unneland, Mathias"]
[Black "Westrum, Kim Roger Hansen"]
[Result "1-0"]
[WhiteElo "2257"]
[BlackElo "2091"]
[PlyCount "65"]
[EventDate "2022.08.14"]
[EventType "swiss (rapid)"]
[EventRounds "9"]
[EventCountry "LAT"]
[SourceTitle "CBM 209 Extra"]
[Source "ChessBase"]
[SourceDate "2022.09.30"]
[SourceVersion "1"]
[SourceVersionDate "2022.09.30"]
[SourceQuality "1"]

1. d4 Nf6 2. c4 e5 3. dxe5 Ng4 4. Nf3 Nc6 5. Nc3 Bc5 6. e3 0-0 7. Be2 Ngxe5 8. Nxe5 Nxe5 9. 0-0 a5 10. Kh1 Ra6 11. f4 Rh6 12. fxe5 Qh4 13. h3 d5 14. Rf4 Qg5 15. Bg4 Qxe5 16. Bxc8 g5 17. Rg4 Bd6 18. Kg1 Rf6 19. g3 h5 20. Nxd5 Rg6 21. Qd4 hxg4 22. Qxe5 Bxe5 23. Ne7+ Kg7 24. Nxg6 Kxg6 25. Bxg4 Bxg3 26. Bd2 f5 27. Bf3 b6 28. Bc3 Re8 29. Kg2 Bd6 30. Re1 Bc5 31. e4 fxe4 32. Bxe4+ Kh5 33. Bf3+ 1-0

[Event "NOR-chT Clubs"]
[Site "Drammen"]
[Date "2022.05.26"]
[Round "6"]
[White "Unneland, Mathias"]
[Black "Urkedal, Frode Olav Olsen"]
[Result "0-1"]
[WhiteElo "2230"]
[BlackElo "2558"]
[PlyCount "78"]
[EventDate "2022.05.26"]
[EventType "team-swiss"]
[EventRounds "6"]
[EventCountry "NOR"]
[SourceTitle "EXT 2024"]
[Source "ChessBase"]
[SourceDate "2023.10.10"]
[SourceVersion "1"]
[SourceVersionDate "2023.10.10"]
[SourceQuality "1"]
[WhiteTeam "Aalesunds"]
[BlackTeam "Offerspill Elite"]
[WhiteTeamCountry "NOR"]
[BlackTeamCountry "NOR"]

1. d4 Nf6 2. c4 e6 3. Nf3 d5 4. Nc3 c6 5. Bg5 h6 6. Bh4 Be7 7. e3 0-0 8. Bd3 dxc4 9. Bxc4 Nbd7 10. 0-0 b5 11. Bd3 Bb7 12. Rc1 Rc8 13. a3 a5 14. Bxf6 Nxf6 15. Ne4 Nd7 16. Nc5 Nxc5 17. dxc5 a4 18. e4 e5 19. Nxe5 Bf6 20. Ng4 Bxb2 21. Rc2 Bxa3 22. e5 Qe7 23. Qf3 Rfd8 24. Be4 b4 25. Qf5 g6 26. Qf4 Qe6 27. Nxh6+ Kg7 28. Qg5 Rh8 29. Nf5+ Kf8 30. Nd6 Rh5 31. Qg3 Rxe5 32. Bd3 Rc7 33. Qh4 Kg7 34. Qd4 Qd5 35. Qf4 b3 36. Bc4 Qxc5 37. Nxf7 g5 38. Nxg5 bxc2 39. Nf7 c1Q 0-1

[Event "Fagernes op"]
[Site "Fagernes"]
[Date "2022.04.13"]
[Round "5"]
[White "Unneland, Mathias"]
[Black "Hausken, Andreas Skrede"]
[Result "1/2-1/2"]
[WhiteElo "2254"]
[BlackElo "1991"]
[PlyCount "70"]
[EventDate "2022.04.10"]
[EventType "swiss"]
[EventRounds "9"]
[EventCountry "NOR"]
[SourceTitle "CBM 207 Extra"]
[Source "ChessBase"]
[SourceDate "2022.05.31"]
[SourceVersion "1"]
[SourceVersionDate "2022.05.31"]
[SourceQuality "1"]

1. d4 Nf6 2. c4 e6 3. Nf3 b6 4. g3 Ba6 5. Qc2 c5 6. d5 exd5 7. cxd5 Bb7 8. Bg2 Nxd5 9. 0-0 Be7 10. Rd1 Nc6 11. Qf5 Nf6 12. e4 g6 13. Qf4 0-0 14. e5 Nh5 15. Qc4 Qc7 16. Bh6 Ng7 17. Nc3 Nxe5 18. Nxe5 Bxg2 19. Rxd7 Qxe5 20. Kxg2 Rfe8 21. Bf4 Qe6 22. Qxe6 Nxe6 23. Be5 Bf8 24. Nd5 Bg7 25. Nf6+ Bxf6 26. Bxf6 c4 27. Rc1 b5 28. b3 Rec8 29. Rb7 a6 30. bxc4 Rxc4 31. Rd1 Ra4 32. Re7 Nf8 33. Rc1 Ne6 34. Rd1 Nf8 35. Rc1 Ne6 1/2-1/2

[Event "Fagernes op"]
[Site "Fagernes"]
[Date "2022.04.12"]
[Round "4"]
[White "Carlsson, Ludvig"]
[Black "Unneland, Mathias"]
[Result "1-0"]
[WhiteElo "2411"]
[BlackElo "2254"]
[PlyCount "45"]
[EventDate "2022.04.10"]
[EventType "swiss"]
[EventRounds "9"]
[EventCountry "NOR"]
[SourceTitle "CBM 207 Extra"]
[Source "ChessBase"]
[SourceDate "2022.05.31"]
[SourceVersion "1"]
[SourceVersionDate "2022.05.31"]
[SourceQuality "1"]

1. e4 e5 2. Nf3 Nc6 3. Bc4 Nf6 4. d3 Bc5 5. Bg5 d6 6. c3 h6 7. Bh4 a5 8. Nbd2 0-0 9. Rg1 g5 10. Nxg5 hxg5 11. Bxg5 Kg7 12. Qf3 Kg6 13. h4 Bg4 14. Bxf6 Bxf2+ 15. Qxf2 Qxf6 16. Qg3 Kh5 17. Rf1 Qg6 18. Nf3 f5 19. Ng5 Rf6 20. Qe3 Raf8 21. Nh7 f4 22. Nxf8 Rxf8 23. Qf2 1-0

[Event "Fagernes op"]
[Site "Fagernes"]
[Date "2022.04.12"]
[Round "3"]
[White "Unneland, Mathias"]
[Black "Abdrlauf, Elham"]
[Result "1/2-1/2"]
[WhiteElo "2254"]
[BlackElo "2427"]
[PlyCount "76"]
[EventDate "2022.04.10"]
[EventType "swiss"]
[EventRounds "9"]
[EventCountry "NOR"]
[SourceTitle "CBM 207 Extra"]
[Source "ChessBase"]
[SourceDate "2022.05.31"]
[SourceVersion "1"]
[SourceVersionDate "2022.05.31"]
[SourceQuality "1"]

1. d4 d5 2. c4 dxc4 3. Nf3 Nf6 4. e3 e6 5. Bxc4 c5 6. 0-0 Nc6 7. Qe2 a6 8. Rd1 b5 9. dxc5 Qc7 10. Bb3 Bxc5 11. h3 Bb7 12. e4 Ne5 13. Bc2 Nxf3+ 14. Qxf3 Rc8 15. Bd3 Bd4 16. Nd2 Qe5 17. Qe2 Ba7 18. Nf3 Qb8 19. Be3 0-0 20. e5 Bxf3 21. Qxf3 Nd5 22. Bxa7 Qxa7 23. Be4 Nb6 24. Rac1 Qe7 25. Rxc8 Rxc8 26. Bb7 Rb8 27. b3 a5 28. Be4 Rd8 29. Rxd8+ Qxd8 30. Qc3 b4 31. Qc5 Nd5 32. Bxd5 exd5 33. Kf1 d4 34. Ke2 d3+ 35. Kd2 h6 36. f4 Qa8 37. Kxd3 Qxg2 38. Qc8+ Kh7 1/2-1/2

[Event "Kragero op"]
[Site "Kragero"]
[Date "2022.02.27"]
[Round "9"]
[White "Unneland, Mathias"]
[Black "Stanford, Maxim Barth"]
[Result "1/2-1/2"]
[WhiteElo "2262"]
[BlackElo "2339"]
[PlyCount "98"]
[EventDate "2022.02.23"]
[EventType "swiss"]
[EventRounds "9"]
[EventCountry "NOR"]
[SourceTitle "CBM 207 Extra"]
[Source "ChessBase"]
[SourceDate "2022.05.31"]
[SourceVersion "1"]
[SourceVersionDate "2022.05.31"]
[SourceQuality "1"]

1. e4 c5 2. Nf3 Nc6 3. Bb5 Nf6 4. Bxc6 dxc6 5. d3 g6 6. h3 Bg7 7. 0-0 b6 8. Nc3 Nd7 9. Be3 Nf8 10. Qd2 h6 11. Nh2 Ne6 12. Rae1 c4 13. dxc4 Qxd2 14. Bxd2 Ba6 15. b3 0-0-0 16. Nb1 b5 17. cxb5 cxb5 18. Ba5 Rd7 19. Rd1 Nd4 20. Rfe1 Bb7 21. f3 b4 22. Bxb4 Nxc2 23. Rxd7 Kxd7 24. Rd1+ Bd4+ 25. Kh1 Rc8 26. Bc3 Ke6 27. Bxd4 Nxd4 28. Ng4 Nc2 29. Rc1 h5 30. Nf2 Nb4 31. Nc3 Ba6 32. a3 Nd3 33. Nxd3 Bxd3 34. Kg1 h4 35. Kf2 g5 36. Ke3 Bf1 37. Kf2 Bd3 38. Ne2 Rxc1 39. Nxc1 Ba6 40. Ne2 Kd6 41. Ke3 e5 42. b4 Bb5 43. Nc3 Bf1 44. Kf2 Bc4 45. a4 a6 46. Ke3 Bf1 47. Kf2 Bc4 48. Ke3 Bf1 49. Kf2 Bc4 1/2-1/2

[Event "Kragero op"]
[Site "Kragero"]
[Date "2022.02.25"]
[Round "5"]
[White "Unneland, Mathias"]
[Black "Reimanis, Ritvars"]
[Result "1/2-1/2"]
[WhiteElo "2262"]
[BlackElo "2397"]
[PlyCount "140"]
[EventDate "2022.02.23"]
[EventType "swiss"]
[EventRounds "9"]
[EventCountry "NOR"]
[SourceTitle "CBM 207 Extra"]
[Source "ChessBase"]
[SourceDate "2022.05.31"]
[SourceVersion "1"]
[SourceVersionDate "2022.05.31"]
[SourceQuality "1"]

1. e4 e5 2. Nf3 Nc6 3. Bb5 Nf6 4. 0-0 Nxe4 5. Re1 Nd6 6. Nxe5 Nxe5 7. Rxe5+ Be7 8. Bf1 0-0 9. d4 Ne8 10. d5 Bc5 11. Re1 Qf6 12. Be3 Bxe3 13. Rxe3 Qxb2 14. Nc3 Qb6 15. Rb1 Qc5 16. Rb5 Qd6 17. Ne4 Qf4 18. g3 Qh6 19. d6 Nxd6 20. Rh5 Qg6 21. Nxd6 Qxd6 22. Qxd6 cxd6 23. Re7 g6 24. Rd5 Rd8 25. Rxd6 Kf8 26. Re4 Re8 27. Rf4 Re6 28. Rd1 Re7 29. Bc4 Rb8 30. a4 b6 31. Rfd4 Rb7 32. f4 Rc7 33. f5 gxf5 34. Bd3 Re5 35. Rf1 d5 36. Rh4 Kg7 37. Rh5 Rce7 38. Kf2 h6 39. Rh4 Bd7 40. Ra1 Be8 41. Rb4 d4 42. Rxd4 Rc7 43. Rb1 Rc3 44. Rb3 Rcc5 45. Rbb4 Bc6 46. Rh4 Be4 47. Ke3 Bxd3+ 48. Kxd3 Re1 49. Rbc4 Ra5 50. Kd2 Ree5 51. Kd3 Kg6 52. Kc3 Re3+ 53. Kb2 Rae5 54. Rc7 R3e4 55. Rf4 Re7 56. Rxe4 Rxc7 57. Rd4 Re7 58. Kb3 Kg5 59. c3 a5 60. Kc4 Re5 61. Rd5 Rxd5 62. Kxd5 f4 63. gxf4+ Kxf4 64. Kc6 Ke4 65. Kxb6 Kd5 66. Kb5 f5 67. c4+ Ke6 68. Kb6 Kd7 69. Kb7 Kd6 70. Kb6 Kd7 1/2-1/2